000
00252nam a2200097Ia 4500
001
649430
005
20250826153741.0
008
250824s9999 xx 000 0 und d
245
0
_a
EKİNLER YEŞERDİKÇE
_c
AHMED GÜNBAY YILDIZ
260
_b
TİMAŞ KÜLTÜR
999
_c
649430
_d
649430